02120cam a22003015a 45000010009000000050017000090080041000260200018000670400026000850820022001111000023001332450117001562600031002733000033003045000024003375040031003615050302003925200739006946500037014336500043014706530025015137730020015387730040015587760036015989420008016349990017016429520159016591122623820161207134407.0141205t2014 gw a frb 010 0 eng d a9783319121741 dWaSeSSdEG-ScBUEbeng04a333.7932222bKAR1 aKarimirad, Madjid.10aOffshore energy structures :bfor wind power, wave energy and hybrid marine platforms /cby Madjid Karimirad.h  aCham :bSpringer,cc.2014. axi, 301 p. :bill. ;c24 cm. aIndex : p. 299-301. aBibliography : p. 291-297.0 aIntroduction -- Wind turbines -- Fixed offshore wind turbines -- Floating offshore wind turbines -- Wave energy converters -- Combined wave and wind power devices -- Design aspects -- Wave and wind theories -- Aerodynamic and hydrodynamic loads -- Dynamic response analyses -- Stochastic analyses. aThis book provides all the key information needed to design offshore structures for renewable energy applications. Suitable for practicing engineers and students, the author conveys design principles and best practices in a clear, concise manner, eschewing complicated mathematical detail. The text connects underlying scientific theory with industry standards and practical implementation issues for offshore wind turbines, wave energy converters and current turbines. Combined concepts such as wave-wind energy platforms are discussed, as well. Coverage of design codes and numerical tools ensures the usefulness of this resource for all those studying and working in the rapidly expanding field of offshore renewable energy.     7aOcean engineering.2BUEsh918861 7aRenewable energy sources.2BUEsh93747 bENGGENcDecember20160 tSpringer eBooks 0tSpringerLINK ebooks - Energy (2014)08iPrinted edition:z9783319121741 2ddc c23503d23475 00102ddc40708AlahramaMAINbMAINc1STd2016-12-07ePurchaseg917.00h116l3m10o333.7932 KARp000040332r2025-07-15 00:00:00s2020-10-31v1146.25yBB